Grupy Mistrzostw Świata w Piłce Nożnej 2022 - Statystyki

Ogólne statystyki
  • Ten quiz został rozwiązany 254 razy
  • Średni wynik to 27 z 32
Statystyki odpowiedzi
Grupa Drużyna % Poprawnych
C Argentyna
98%
C Polska
98%
C Meksyk
97%
B Anglia
96%
C Arabia Saudyjska
96%
D Francja
95%
A Katar
93%
H Portugalia
93%
E Hiszpania
92%
E Niemcy
91%
G Brazylia
90%
A Holandia
90%
E Japonia
90%
B Stany Zjednoczone
90%
F Maroko
88%
A Senegal
88%
A Ekwador
86%
F Chorwacja
85%
F Belgia
84%
D Dania
84%
B Iran
84%
H Korea Południowa
84%
D Australia
83%
B Walia
83%
F Kanada
79%
H Urugwaj
78%
E Kostaryka
77%
G Szwajcaria
74%
H Ghana
73%
D Tunezja
71%
G Serbia
70%
G Kamerun
67%
Nie znaleziono quizów pasujących do podanych kryteriów
Rozkład punktacji
Procent ludzi z każdym wynikiem
Percentyl według liczby udzielonych odpowiedzi
Twoja historia wyników
Nie rozwiązałeś tego quizu